| 000 | 00371 a2200169 4500 | ||
|---|---|---|---|
| 001 | 191046 | ||
| 020 | _a978-85-357-1145-5 | ||
| 040 | _cMagnum | ||
| 100 | _aAndrade, Telma Guimarães Castro | ||
| 240 | 1 | 0 |
_aCoração na rede _lpor |
| 245 | 1 | 0 | _aCoração na rede |
| 300 | _a92 | ||
| 362 | 0 | _a2009 | |
| 440 | 1 | _aAtual | |
| 697 | _aLITERATURA JUVENIL | ||
| 942 | _cBK | ||
| 999 |
_c191046 _d191046 |
||